[Event "CAN-op (Pinnacle 48th CAN Op Ch)"]
[Site "Toronto CAN"]
[Date "2011.07.14"]
[Round "6"]
[White "Larochelle, Martial"]
[Black "Thavandiran, Shiyam"]
[Result "0-1"]
[WhiteElo "2214"]
[BlackElo "2447"]
[PlyCount "90"]
[EventDate "2011.07.09"]
[EventType "swiss"]
[EventRounds "9"]
[EventCountry "CAN"]

1. c4 e5 2. g3 c6 3. d4 Bb4+ 4. Bd2 Bxd2+ 5. Qxd2 d6 6. Nc3 Nf6 7. Bg2 Qe7 8.
Nf3 e4 9. Ng5 d5 10. cxd5 cxd5 11. h4 O-O 12. O-O Nc6 13. Nh3 Bf5 14. Nf4 Rad8
15. Rac1 Rfe8 16. Nd1 h6 17. Ne3 Be6 18. Rc5 g5 19. hxg5 hxg5 20. Nxe6 Qxe6 21.
Rfc1 Kg7 22. b4 Rh8 23. b5 Ne7 24. Rc7 Rd7 25. Qa5 Rxc7 26. Rxc7 Nf5 27. Qd2
Nxe3 28. Qxe3 Rh5 29. f3 Qd6 30. g4 Qxc7 31. gxh5 Qg3 32. Qf2 Nxh5 33. fxe4
dxe4 34. Qxg3 Nxg3 35. Kf2 Nf5 36. Bxe4 Nxd4 37. Bxb7 Nxb5 38. Bd5 f5 39. Bc4
Nd6 40. Bd3 Kf6 41. Ba6 Ke5 42. Bd3 Ne4+ 43. Ke3 g4 44. Bxe4 fxe4 45. Kf2 Kd4
0-1

[Event "CAN-op (Pinnacle 48th CAN Op Ch)"]
[Site "Toronto CAN"]
[Date "2011.07.16"]
[Round "8"]
[White "Thavandiran, Shiyam"]
[Black "Birarov, Vladimir"]
[Result "1-0"]
[WhiteElo "2447"]
[BlackElo "2267"]
[PlyCount "87"]
[EventDate "2011.07.09"]
[EventType "swiss"]
[EventRounds "9"]
[EventCountry "CAN"]

1. e4 c5 2. Nf3 Nc6 3. d4 cxd4 4. Nxd4 Nf6 5. Nc3 e5 6. Ndb5 d6 7. Bg5 a6 8.
Na3 b5 9. Bxf6 gxf6 10. Nd5 f5 11. c3 Bg7 12. exf5 Bxf5 13. Nc2 Be6 14. g3 O-O
15. Bg2 Rc8 16. O-O Kh8 17. a4 f5 18. axb5 axb5 19. Qe2 Ne7 20. Rfd1 f4 21.
Nxf4 Bc4 22. Nd3 d5 23. Qe1 e4 24. Ndb4 Qb6 25. Ra6 Qb7 26. Rda1 Nc6 27. Nxc6
Rxc6 28. Rxc6 Qxc6 29. Nd4 Qb6 30. Nc2 Bd3 31. Rc1 Qa7 32. Ne3 Qa2 33. Qd2 d4
34. cxd4 Bxd4 35. Nd1 Qa7 36. Ne3 Qg7 37. b4 Qf6 38. Bf1 Bb2 39. Rc5 Qd4 40.
Bxd3 exd3 41. Nf5 Qf6 42. Qxd3 Be5 43. Qe4 Re8 44. f4 1-0

[Event "CAN-ch U20"]
[Site "Mississauga CAN"]
[Date "2011.04.21"]
[Round "1"]
[White "Miller, David"]
[Black "Thavandiran, Shiyam"]
[Result "0-1"]
[WhiteElo "1944"]
[BlackElo "2492"]
[PlyCount "162"]
[EventDate "2011.04.22"]
[EventType "swiss"]
[EventRounds "9"]
[EventCountry "CAN"]

1. e4 d5 2. exd5 Nf6 3. Bb5+ Bd7 4. Be2 Nxd5 5. d4 Bf5 6. Nf3 e6 7. O-O Be7 8.
a3 c6 9. c4 Nf6 10. Nc3 h6 11. Bf4 O-O 12. Qb3 Qb6 13. Qxb6 axb6 14. Rfd1 Ne4
15. Nxe4 Bxe4 16. Bc7 Rc8 17. Bxb6 Nd7 18. Bc5 Bxc5 19. dxc5 Nxc5 20. Nd2 Bc2
21. Rdc1 Bg6 22. Kf1 Rd8 23. Ke1 f6 24. b4 Nd3+ 25. Bxd3 Rxd3 26. a4 e5 27. c5
Bf7 28. b5 Ra5 29. bxc6 bxc6 30. Nc4 Bxc4 31. Rxc4 Kf7 32. Ke2 Rd5 33. Rac1 Ke6
34. R1c3 Rd4 35. Rxd4 exd4 36. Rc4 Kd5 37. Kd3 Ra7 38. Rxd4+ Kxc5 39. Kc3 Re7
40. Rc4+ Kb6 41. Kd3 f5 42. Rc2 Re4 43. a5+ Kc7 44. Ra2 Kb7 45. f3 Re5 46. Kd4
Rd5+ 47. Kc4 Ka6 48. Kb4 g5 49. Kc4 h5 50. Rb2 Kxa5 51. Rc2 Kb6 52. Re2 Rb5 53.
Kd3 Rc5 54. Re6 f4 55. Rh6 h4 56. Rg6 Re5 57. Rg8 Kc5 58. Kc3 Kd6 59. Kd4 Rd5+
60. Kc3 Ra5 61. Kd3 Re5 62. Rg6+ Kd7 63. Rg7+ Ke6 64. Rg6+ Kd5 65. Rg8 c5 66.
Rd8+ Kc6 67. Rc8+ Kd7 68. Rg8 Ke7 69. Rc8 h3 70. gxh3 Re3+ 71. Kd2 Rxf3 72.
Rxc5 Kf6 73. Ke2 Rxh3 74. Kf2 Rxh2+ 75. Kf3 Rh3+ 76. Kg4 Rg3+ 77. Kh5 f3 78.
Rc8 Kf5 79. Rf8+ Ke4 80. Re8+ Kd3 81. Re7 f2 0-1

[Event "CAN-ch U20"]
[Site "Mississauga CAN"]
[Date "2011.04.22"]
[Round "2"]
[White "Thavandiran, Shiyam"]
[Black "Inigo, Aquino"]
[Result "1-0"]
[WhiteElo "2492"]
[BlackElo "2079"]
[PlyCount "83"]
[EventDate "2011.04.22"]
[EventType "swiss"]
[EventRounds "9"]
[EventCountry "CAN"]

1. e4 e6 2. d4 d5 3. e5 c5 4. c3 Nc6 5. Nf3 Qb6 6. Be2 cxd4 7. cxd4 Nh6 8. Nc3
Nf5 9. Na4 Qa5+ 10. Kf1 Be7 11. a3 O-O 12. b4 Qd8 13. Bb2 f6 14. g4 Nh6 15.
exf6 Bxf6 16. h3 Nf7 17. b5 Ne7 18. Bd3 Ng5 19. Nxg5 Bxg5 20. Kg2 Bh4 21. Rf1
Qd6 22. Qe2 b6 23. Bc3 Qf4 24. Qe3 Qf7 25. Bb4 Bd7 26. Nc3 Rfc8 27. Ne2 Ng6 28.
f4 Bd8 29. Kh1 Nh4 30. Ng3 Be7 31. Bxe7 Qxe7 32. Rac1 Ng6 33. a4 Nf8 34. Bb1
Qb4 35. f5 exf5 36. Bxf5 Rxc1 37. Rxc1 Re8 38. Qf4 Qxa4 39. Rf1 Bxb5 40. Bd7
Qb4 41. Qf7+ Kh8 42. Bxb5 1-0

[Event "CAN-ch U20"]
[Site "Mississauga CAN"]
[Date "2011.04.22"]
[Round "3"]
[White "Calugar, Arthur"]
[Black "Thavandiran, Shiyam"]
[Result "1/2-1/2"]
[WhiteElo "2379"]
[BlackElo "2492"]
[PlyCount "198"]
[EventDate "2011.04.22"]
[EventType "swiss"]
[EventRounds "9"]
[EventCountry "CAN"]

1. e4 e6 2. d4 d5 3. e5 c5 4. c3 Qb6 5. Nf3 Nc6 6. a3 Nh6 7. b4 cxd4 8. cxd4
Nf5 9. Be3 g6 10. Bd3 Nxe3 11. fxe3 Bd7 12. O-O Bg7 13. Qe1 O-O 14. Nc3 f6 15.
exf6 Rxf6 16. Na4 Qd8 17. Nc5 b6 18. Nxd7 Qxd7 19. Rc1 Ne7 20. Qg3 Rc8 21. Ba6
Rxc1 22. Rxc1 Qa4 23. Qb8+ Rf8 24. Qd6 Qxa3 25. Qxe6+ Kh8 26. Rc7 Nf5 27. Ng5
Qxe3+ 28. Qxe3 Nxe3 29. Ne6 Rg8 30. Rxa7 Nc2 31. Rb7 Nxd4 32. Nxg7 Rxg7 33.
Rxb6 Rc7 34. b5 Rc1+ 35. Kf2 Rc2+ 36. Ke3 Nxb5 37. Rxb5 Rxg2 38. h4 Rg4 39. h5
gxh5 40. Rxd5 Kg7 41. Rxh5 Kf6 42. Bd3 Rg3+ 43. Kd4 h6 44. Rxh6+ Kg5 45. Rg6+
Kf4 46. Rf6+ Kg5 47. Rf5+ Kg4 48. Rf8 Kg5 49. Be4 Kg4 50. Ke5 Kg5 51. Rf4 Re3
52. Rf5+ Kg4 53. Rf2 Rg3 54. Rf4+ Kg5 55. Rf8 Kg4 56. Bf5+ Kg5 57. Ke4 Kh4 58.
Rh8+ Kg5 59. Rh7 Kf6 60. Rh5 Rg7 61. Kf4 Rc7 62. Rh6+ Ke7 63. Re6+ Kd8 64. Kg5
Rc5 65. Kf6 Kc7 66. Be4 Rb5 67. Rc6+ Kd7 68. Re6 Kc7 69. Re8 Rb4 70. Ke5 Kb6
71. Bd5 Rb5 72. Kd6 Rb4 73. Bf3 Rd4+ 74. Bd5 Rb4 75. Rc8 Kb5 76. Bf3 Rd4+ 77.
Ke5 Rb4 78. Kd5 Ka5 79. Ra8+ Kb6 80. Bg2 Rb5+ 81. Kc4 Rg5 82. Be4 Kc7 83. Ra6
Kd7 84. Bd5 Re5 85. Rf6 Ke7 86. Rg6 Kd7 87. Kd4 Re7 88. Bc4 Kc7 89. Kd5 Rd7+
90. Kc5 Re7 91. Rg5 Kd7 92. Kd5 Kc7 93. Rg6 Rd7+ 94. Kc5 Re7 95. Be6 Kd8 96.
Kd6 Rd7+ 97. Ke5 Rc7 98. Rg1 Ke7 99. Kd5 Kd8 1/2-1/2

[Event "CAN-ch U20"]
[Site "Mississauga CAN"]
[Date "2011.04.23"]
[Round "4"]
[White "Thavandiran, Shiyam"]
[Black "Sapozhnikov, Roman"]
[Result "0-1"]
[WhiteElo "2492"]
[BlackElo "2443"]
[PlyCount "74"]
[EventDate "2011.04.22"]
[EventType "swiss"]
[EventRounds "9"]
[EventCountry "CAN"]

1. e4 c5 2. Nf3 d6 3. d4 cxd4 4. Nxd4 Nf6 5. Nc3 a6 6. g3 e6 7. Bg2 Be7 8. O-O
O-O 9. Be3 Qc7 10. a4 Nc6 11. Qe2 Rb8 12. f4 Na5 13. Rad1 Nc4 14. Bc1 e5 15.
fxe5 dxe5 16. Nb3 Bg4 17. Bf3 Bh3 18. Bg2 Bg4 19. Bf3 Bh3 20. Rf2 Rbd8 21. Rxd8
Rxd8 22. g4 h6 23. Nd5 Nxd5 24. exd5 Bh4 25. Nd2 Nxd2 26. Bxd2 Bxf2+ 27. Kxf2
e4 28. Qxe4 Qxh2+ 29. Ke3 Qg1+ 30. Kf4 Bxg4 31. Qe7 g5+ 32. Ke5 Qh2+ 33. Ke4
Bxf3+ 34. Kxf3 Qh1+ 35. Kf2 Qxd5 36. Bc3 Qf5+ 37. Kg2 Qxc2+ 0-1

[Event "CAN-ch Post-Secondary A"]
[Site "Waterloo CAN"]
[Date "2011.01.15"]
[Round "1"]
[White "Thavandiran, Shiyam"]
[Black "Modwal, Sankalp"]
[Result "1-0"]
[WhiteElo "2478"]
[BlackElo "2244"]
[PlyCount "37"]
[EventDate "2011.01.15"]
[EventType "team"]
[EventRounds "4"]
[EventCountry "CAN"]

1. e4 c5 2. Nc3 d6 3. Nge2 Nc6 4. d4 cxd4 5. Nxd4 Nf6 6. Bg5 e6 7. Qd2 Be7 8.
O-O-O Nxd4 9. Qxd4 O-O 10. e5 Qa5 11. Bxf6 gxf6 12. exd6 Bd8 13. d7 Be7 14. Bc4
f5 15. dxc8=Q Raxc8 16. Bb3 Rfd8 17. Qa4 Qe5 18. Rxd8+ Rxd8 19. Qxa7 1-0

[Event "CAN-ch Post-Secondary A"]
[Site "Waterloo CAN"]
[Date "2011.01.15"]
[Round "2.1"]
[White "Voloaca, Mihnea"]
[Black "Thavandiran, Shiyam"]
[Result "0-1"]
[WhiteElo "2338"]
[BlackElo "2478"]
[PlyCount "62"]
[EventDate "2011.01.15"]
[EventType "team"]
[EventRounds "4"]
[EventCountry "CAN"]
[WhiteTeam "U of Ottawa - A"]
[BlackTeam "Western U - A"]

1. d4 e6 2. c4 Nf6 3. g3 d5 4. Bg2 Bb4+ 5. Bd2 Be7 6. Nf3 O-O 7. O-O c6 8. Qc2
Nbd7 9. b4 b6 10. a4 Ba6 11. b5 Bb7 12. cxd5 exd5 13. bxc6 Rc8 14. Nc3 Rxc6 15.
Qf5 g6 16. Qd3 Re8 17. Rfc1 Nf8 18. Bf4 Bb4 19. Nb5 Rxc1+ 20. Rxc1 a5 21. h4
Ba6 22. Qb3 Ne4 23. Bc7 Qe7 24. Be5 Bxb5 25. axb5 Qd7 26. Rc6 Ne6 27. Ng5 N6xg5
28. hxg5 Qf5 29. Qxd5 Qxf2+ 30. Kh1 Nxg5 31. Rf6 Qxe2 0-1

[Event "CAN-ch Post-Secondary A"]
[Site "Waterloo CAN"]
[Date "2011.01.16"]
[Round "4.1"]
[White "Thavandiran, Shiyam"]
[Black "Cheng, Bindi"]
[Result "1/2-1/2"]
[WhiteElo "2478"]
[BlackElo "2485"]
[PlyCount "140"]
[EventDate "2011.01.15"]
[EventType "team"]
[EventRounds "4"]
[EventCountry "CAN"]
[WhiteTeam "Western U - A"]
[BlackTeam "U of Toronto - A"]

1. e4 d5 2. exd5 Qxd5 3. Nc3 Qd6 4. d4 Nf6 5. Nf3 c6 6. g3 Bg4 7. Bg2 e6 8. O-O
Be7 9. h3 Bxf3 10. Bxf3 O-O 11. Ne4 Qd8 12. c3 Nbd7 13. Bf4 Nd5 14. Bd2 e5 15.
c4 N5b6 16. Ba5 f5 17. Nc3 e4 18. Bg2 Qb8 19. Qb3 c5 20. Ne2 Kh8 21. dxc5 Nxc5
22. Qc2 Nd3 23. Nc1 Ne5 24. b3 Nbd7 25. Ne2 Nc5 26. Nf4 Ncd3 27. Bd2 Qc8 28.
Bc3 Nxf4 29. Bxe5 Nd3 30. Bd4 Qc7 31. Rfd1 Rad8 32. Be3 Bc5 33. Qe2 f4 34. Bxc5
Qxc5 35. gxf4 Rxf4 36. Qe3 Qg5 37. Rd2 Rdf8 38. Rf1 Qh6 39. Kh1 Qh4 40. Kg1 Ne5
41. Rd5 Nf3+ 42. Kh1 h6 43. Rfd1 Kh7 44. a3 Ng5 45. Qg3 Qh5 46. Rd7 Kh8 47.
R1d2 Rf3 48. Rd8 Rxg3 49. Rxf8+ Kh7 50. fxg3 Nf3 51. Rd5 Qg6 52. Bxf3 exf3 53.
Rxf3 Qe4 54. Rdf5 Qb1+ 55. Kh2 Qc2+ 56. Rf2 Qxb3 57. Rf7 Qxc4 58. Rxb7 Qc5 59.
Ra2 a5 60. a4 Qc4 61. Rbb2 Qd3 62. h4 Qc4 63. Rf2 Qb3 64. Ra1 Qb4 65. Kh3 Qd4
66. Raa2 Qc4 67. Ra3 Qc1 68. Rff3 Qh1+ 69. Kg4 Qd1 70. Kh3 Qh1+ 1/2-1/2

[Event "Wch-U20"]
[Site "Chotowa POL"]
[Date "2010.08.05"]
[Round "3"]
[White "Lis, Marek"]
[Black "Thavandiran, Shiyam"]
[Result "0-1"]
[WhiteElo "2072"]
[BlackElo "2318"]
[PlyCount "61"]
[EventDate "2010.08.03"]
[EventType "swiss"]
[EventRounds "13"]
[EventCountry "POL"]
[Source "Mark Crowther"]
[SourceDate "2010.08.09"]

1. e4 e6 2. d4 d5 3. e5 c5 4. c3 Qb6 5. Nf3 Nc6 6. a3 Nh6 7. b4 cxd4 8. cxd4
Nf5 9. Bb2 Bd7 10. Be2 Be7 11. O-O Rc8 12. g4 Nh4 13. Nbd2 Nxf3+ 14. Nxf3 Nb8
15. Qd3 a6 16. Rfc1 O-O 17. Qd2 Bb5 18. Bd1 Nd7 19. Bc2 f6 20. Kg2 fxe5 21.
dxe5 Qd8 22. a4 Bc4 23. Bd4 Nb8 24. h4 Nc6 25. Rab1 Qc7 26. Re1 b5 27. a5 Rf7
28. Bb6 Qd7 29. Ng5 Bxg5 30. hxg5 d4 31. f4 0-1

[Event "Wch-U20"]
[Site "Chotowa POL"]
[Date "2010.08.06"]
[Round "4"]
[White "Thavandiran, Shiyam"]
[Black "Dvirnyy, Daniyl"]
[Result "0-1"]
[WhiteElo "2318"]
[BlackElo "2457"]
[PlyCount "62"]
[EventDate "2010.08.03"]
[EventType "swiss"]
[EventRounds "13"]
[EventCountry "POL"]
[Source "Mark Crowther"]
[SourceDate "2010.08.09"]

1. e4 e6 2. d4 d5 3. Nc3 Bb4 4. e5 Ne7 5. a3 Bxc3+ 6. bxc3 c5 7. Qg4 Qc7 8.
Qxg7 Rg8 9. Qxh7 cxd4 10. Ne2 Nbc6 11. f4 dxc3 12. Nxc3 a6 13. Bb2 Bd7 14.
O-O-O O-O-O 15. Qh4 Kb8 16. Kb1 Rc8 17. Qf2 Na5 18. Rg1 Nc4 19. Bxc4 Qxc4 20.
Qd4 Nf5 21. Qxc4 Rxc4 22. g3 Rh8 23. h4 Rg8 24. h5 Rg4 25. Rh1 Rc8 26. Rdg1 Bb5
27. a4 Bc6 28. Rh3 d4 29. Ne2 Be4 30. Nxd4 Nxd4 31. Bxd4 Rxc2 0-1

[Event "Wch-U20"]
[Site "Chotowa POL"]
[Date "2010.08.07"]
[Round "5"]
[White "Swapnil, S Dhopade"]
[Black "Thavandiran, Shiyam"]
[Result "1/2-1/2"]
[WhiteElo "2426"]
[BlackElo "2318"]
[PlyCount "155"]
[EventDate "2010.08.03"]
[EventType "swiss"]
[EventRounds "13"]
[EventCountry "POL"]
[Source "Mark Crowther"]
[SourceDate "2010.08.09"]

1. d4 e6 2. Nf3 Nf6 3. e3 b6 4. Bd3 c5 5. O-O Be7 6. b3 O-O 7. Bb2 Bb7 8. Nbd2
a6 9. c4 d6 10. Qe2 Nbd7 11. Rac1 Re8 12. Rfd1 Qc7 13. Bb1 Rac8 14. Nf1 Qb8 15.
Ng3 Ba8 16. e4 cxd4 17. Nxd4 Bf8 18. Qd2 h5 19. Nf3 g6 20. h3 b5 21. cxb5 axb5
22. Rxc8 Rxc8 23. Rc1 Be7 24. Rxc8+ Qxc8 25. Qe3 Qc5 26. Qxc5 Nxc5 27. e5 Nd5
28. exd6 Bxd6 29. Ne4 Nxe4 30. Bxe4 b4 31. Ne5 Kf8 32. Nd3 Nf4 33. Nxf4 Bxe4
34. Ne2 e5 35. Nc1 Ke7 36. f3 Bb1 37. Kf2 Ke6 38. Ke2 Kd5 39. Nd3 e4 40. fxe4+
Kxe4 41. Nf2+ Kf4 42. Bd4 Bxa2 43. Be3+ Kf5 44. g4+ hxg4 45. hxg4+ Ke6 46. Ne4
Bxb3 47. Kd3 f6 48. g5 Bd5 49. Nxd6 Kxd6 50. gxf6 Ke5 51. Bd4+ Kf4 52. Ke2 b3
53. Kf2 Ke4 54. Ba1 Kf4 55. Kg1 g5 56. Kf2 Be6 57. Kg2 Kg4 58. Bb2 Bd5+ 59. Kf2
Kh3 60. Bc3 Bg8 61. Bb2 Bc4 62. Bc3 Bd5 63. Bb2 Kg4 64. Be5 Bg8 65. Bb2 Be6 66.
Be5 Kh3 67. Bb2 Kh2 68. Be5+ Kh3 69. Bb2 g4 70. Be5 g3+ 71. Kg1 Kg4 72. Bb2 Kf4
73. Ba1 Ke3 74. Kg2 Kf4 75. Kg1 Bd5 76. Bc3 Ke3 77. Bb2 Ke2 78. f7 1/2-1/2

[Event "Wch-U20"]
[Site "Chotowa POL"]
[Date "2010.08.09"]
[Round "6"]
[White "Thavandiran, Shiyam"]
[Black "Can, Emre"]
[Result "1/2-1/2"]
[WhiteElo "2318"]
[BlackElo "2477"]
[PlyCount "108"]
[EventDate "2010.08.03"]
[EventType "swiss"]
[EventRounds "13"]
[EventCountry "POL"]
[Source "Mark Crowther"]
[SourceDate "2010.08.09"]

1. e4 c5 2. Nf3 Nc6 3. d4 cxd4 4. Nxd4 Nf6 5. Nc3 d6 6. Bg5 e6 7. Bb5 Bd7 8.
Bxc6 bxc6 9. Qf3 h6 10. Bh4 e5 11. Nf5 Bxf5 12. Qxf5 Be7 13. O-O g5 14. Bg3 Qd7
15. Qf3 h5 16. h4 Qg4 17. hxg5 Qxg5 18. Bh2 Qg4 19. Bg3 Qg5 20. Bh2 Qg4 21. Qh3
Rg8 22. Kh1 Rb8 23. b3 Rb4 24. f3 Qxh3 25. gxh3 Nh7 26. Rg1 Rg6 27. Rxg6 fxg6
28. Bg1 Rb7 29. Be3 Rb4 30. Bg1 Rb7 31. Be3 Kf7 32. f4 exf4 33. Bxf4 Bf6 34.
Rf1 Ke6 35. Ne2 Re7 36. Kg2 Kd7 37. Kf3 Ng5+ 38. Bxg5 Bxg5 39. Nd4 Rf7+ 40. Ke2
Rxf1 41. Kxf1 Bf6 42. Nf3 Ke6 43. Ke2 d5 44. Ke3 g5 45. Ne1 Be5 46. Nd3 Bd6 47.
exd5+ cxd5 48. c4 dxc4 49. bxc4 a5 50. Ke4 g4 51. hxg4 hxg4 52. a4 g3 53. Kf3
Kf5 54. Nc1 Bc7 1/2-1/2

[Event "Wch-U20"]
[Site "Chotowa POL"]
[Date "2010.08.10"]
[Round "7"]
[White "Spoelman, Wouter"]
[Black "Thavandiran, Shiyam"]
[Result "0-1"]
[WhiteElo "2580"]
[BlackElo "2318"]
[PlyCount "82"]
[EventDate "2010.08.03"]
[EventType "swiss"]
[EventRounds "13"]
[EventCountry "POL"]
[Source "Mark Crowther"]
[SourceDate "2010.08.16"]

1. d4 e6 2. c4 Bb4+ 3. Nc3 c5 4. e3 Nc6 5. Nge2 d5 6. cxd5 exd5 7. a3 Bxc3+ 8.
bxc3 Nf6 9. Ng3 cxd4 10. cxd4 h5 11. h4 g6 12. f3 Qc7 13. Kf2 O-O 14. Bd3 Na5
15. Bd2 Nc4 16. Qc2 b5 17. a4 Bd7 18. Bb4 Rfe8 19. Rhe1 Kg7 20. Bc5 Kh7 21. Nf1
a6 22. Ra2 Bc6 23. a5 Re6 24. Qc3 Rae8 25. Bb4 Bd7 26. Rae2 Rc6 27. Qa1 Qc8 28.
Kg1 Qb8 29. e4 dxe4 30. fxe4 Ng4 31. e5 Qa7 32. Kh1 Rce6 33. Bc5 Qb7 34. Ng3
Bc6 35. Kg1 Qd7 36. Nxh5 Qd8 37. Nf4 Qxh4 38. Nh3 Qg3 39. Be4 Qh2+ 40. Kf1 Qh1+
41. Ng1 Bxe4 0-1

[Event "Wch-U20"]
[Site "Chotowa POL"]
[Date "2010.08.11"]
[Round "8"]
[White "Thavandiran, Shiyam"]
[Black "Simonian, Hrair"]
[Result "0-1"]
[WhiteElo "2318"]
[BlackElo "2494"]
[PlyCount "92"]
[EventDate "2010.08.03"]
[EventType "swiss"]
[EventRounds "13"]
[EventCountry "POL"]
[Source "Mark Crowther"]
[SourceDate "2010.08.16"]

1. e4 e5 2. Nf3 Nc6 3. d4 exd4 4. Nxd4 Bc5 5. Nxc6 Qf6 6. Qf3 Qxf3 7. gxf3 dxc6
8. Rg1 g6 9. Be3 Bxe3 10. fxe3 Be6 11. Nd2 f6 12. Nb3 b6 13. Nd4 Bd7 14. Bc4
Nh6 15. O-O-O Ke7 16. Rd2 Rhd8 17. Rgd1 c5 18. Ne2 Be8 19. Nf4 Rxd2 20. Rxd2 c6
21. Bf1 Nf7 22. Nd3 c4 23. Nf2 b5 24. f4 Bd7 25. Kd1 a5 26. a3 Nd6 27. Be2 b4
28. c3 bxc3 29. bxc3 Rb8 30. Ra2 Rb3 31. Kc2 Nb5 32. a4 Na3+ 33. Kd2 c5 34. Bd1
Nb1+ 35. Kc1 Nxc3 36. Bxb3 cxb3 37. Ra3 c4 38. Nd1 Nxe4 39. Kb2 Nc5 40. Nc3
Nd3+ 41. Kb1 Bg4 42. Nd5+ Kd6 43. Nxf6 Bd1 44. Ne4+ Kc6 45. Nd2 Bc2+ 46. Ka1
Kc5 0-1

[Event "Wch-U20"]
[Site "Chotowa POL"]
[Date "2010.08.12"]
[Round "9"]
[White "Pacher, Milan"]
[Black "Thavandiran, Shiyam"]
[Result "1-0"]
[WhiteElo "2417"]
[BlackElo "2318"]
[PlyCount "51"]
[EventDate "2010.08.03"]
[EventType "swiss"]
[EventRounds "13"]
[EventCountry "POL"]
[Source "Mark Crowther"]
[SourceDate "2010.08.16"]

1. e4 e6 2. d4 d5 3. Nc3 Nf6 4. Bg5 Bb4 5. e5 h6 6. Bd2 Bxc3 7. bxc3 Ne4 8. Qg4
Kf8 9. Bd3 Nxd2 10. Kxd2 c5 11. h4 Qa5 12. Nf3 c4 13. Be2 Qa3 14. Rh3 b5 15.
Rg3 Rg8 16. Qf4 Bd7 17. Nh2 Nc6 18. Bh5 Nd8 19. Ng4 Rh8 20. Rb1 Ke8 21. Re1
Qxa2 22. Ne3 Kf8 23. Nxd5 Qa3 24. Rxg7 Kxg7 25. Qf6+ Kg8 26. Ne7+ 1-0

[Event "Wch-U20"]
[Site "Chotowa POL"]
[Date "2010.08.13"]
[Round "10"]
[White "Thavandiran, Shiyam"]
[Black "Anwesh, Upadhyaya"]
[Result "1/2-1/2"]
[WhiteElo "2318"]
[BlackElo "2412"]
[PlyCount "52"]
[EventDate "2010.08.03"]
[EventType "swiss"]
[EventRounds "13"]
[EventCountry "POL"]
[Source "Mark Crowther"]
[SourceDate "2010.08.16"]

1. e4 e5 2. Nf3 Nf6 3. Nxe5 d6 4. Nf3 Nxe4 5. Nc3 Nxc3 6. dxc3 Be7 7. Be3 Nc6
8. Qd2 Be6 9. O-O-O Qd7 10. h4 h6 11. a3 a6 12. Nd4 Nxd4 13. Qxd4 Bf6 14. Qe4
d5 15. Qb4 Be7 16. Bc5 Bxc5 17. Qxc5 Qe7 18. Qe3 c6 19. f4 Bg4 20. Re1 Qxe3+
21. Rxe3+ Kd7 22. Bd3 Rae8 23. Rhe1 Rxe3 24. Rxe3 Kd6 25. c4 dxc4 26. Bxc4 Rf8
1/2-1/2

[Event "Wch-U20"]
[Site "Chotowa POL"]
[Date "2010.08.14"]
[Round "11"]
[White "Firat, Burak"]
[Black "Thavandiran, Shiyam"]
[Result "1/2-1/2"]
[WhiteElo "2420"]
[BlackElo "2318"]
[PlyCount "177"]
[EventDate "2010.08.03"]
[EventType "swiss"]
[EventRounds "13"]
[EventCountry "POL"]
[Source "Mark Crowther"]
[SourceDate "2010.08.16"]

1. e4 e6 2. d4 d5 3. Nc3 Nf6 4. e5 Nfd7 5. f4 c5 6. Nf3 Nc6 7. Be3 Be7 8. Qd2
O-O 9. Be2 b6 10. O-O f6 11. dxc5 fxe5 12. Nxd5 Bxc5 13. b4 Bxe3+ 14. Nxe3 exf4
15. Nc4 Nf6 16. Bd3 Ba6 17. Qe1 Qe7 18. Rb1 Bxc4 19. Bxc4 Nd5 20. Qe4 Kh8 21.
a3 Rad8 22. Rbe1 Qf6 23. Bd3 g6 24. b5 Nce7 25. Ne5 Nc3 26. Qf3 Ned5 27. Qh3
Kg7 28. Kh1 f3 29. Rxf3 Qg5 30. Rxf8 Rxf8 31. Nf3 Qe7 32. Qxe6 Qxe6 33. Rxe6
Nf4 34. Re7+ Rf7 35. Rxf7+ Kxf7 36. Bf1 Ke7 37. g3 Nfd5 38. Bd3 Kd6 39. h4 Nf6
40. Nd4 Nb1 41. Kg2 Nxa3 42. Kf3 Kc5 43. Ne6+ Kb4 44. Nd4 Kc5 45. c3 Nd5 46.
Ne6+ Kd6 47. Nf8 Nxc3 48. Nxh7 Naxb5 49. Nf8 a5 50. Nxg6 a4 51. h5 a3 52. Bc4
Nd4+ 53. Kg4 b5 54. h6 Ne4 55. Bg8 Ne6 56. h7 Nf6+ 57. Kf5 Nxh7 58. Bxe6 b4 59.
Ba2 Kc5 60. Ke4 Ng5+ 61. Kd3 Nf3 62. Nf4 Ne5+ 63. Kc2 Kd4 64. Nd5 Ke4 65. Nxb4
Kf3 66. Kb3 Kxg3 67. Kxa3 Kf4 68. Kb2 Ng4 69. Kc3 Ke5 70. Kc4 Nf6 71. Nd3+ Ke4
72. Nc5+ Ke5 73. Bb1 Ne8 74. Nd3+ Kd6 75. Bc2 Nc7 76. Bd1 Nd5 77. Bf3 Ne3+ 78.
Kd4 Nf5+ 79. Ke4 Ne7 80. Bh5 Nc6 81. Bf7 Ne7 82. Bh5 Nc6 83. Be8 Ne7 84. Nb4
Kc5 85. Nd3+ Kd6 86. Ne5 Kc5 87. Nd3+ Kd6 88. Ne5 Kc5 89. Nd3+ 1/2-1/2

[Event "Wch-U20"]
[Site "Chotowa POL"]
[Date "2010.08.15"]
[Round "12"]
[White "Thavandiran, Shiyam"]
[Black "Fernandez, Daniel"]
[Result "1-0"]
[WhiteElo "2318"]
[BlackElo "2401"]
[PlyCount "71"]
[EventDate "2010.08.03"]
[EventType "swiss"]
[EventRounds "13"]
[EventCountry "POL"]
[Source "ChessBase"]
[SourceDate "2010.09.01"]

1. e4 c5 2. Nf3 d6 3. Bb5+ Nd7 4. d4 cxd4 5. Qxd4 a6 6. Bxd7+ Bxd7 7. Nc3 Nf6
8. Bg5 Rc8 9. O-O-O h6 10. Bxf6 gxf6 11. Kb1 Qc7 12. Qd3 e6 13. Nd4 b5 14. f4
Qc4 15. Qf3 b4 16. Nce2 e5 17. fxe5 fxe5 18. b3 Qc7 19. Rhf1 Rh7 20. Nf5 Qxc2+
21. Ka1 Qc6 22. Rc1 Qb7 23. Neg3 Be6 24. Nh5 Rh8 25. Nfg7+ Kd7 26. Nxe6 fxe6
27. Ng7 Rc3 28. Rxc3 bxc3 29. Nxe6 Be7 30. Qh3 Qb4 31. Nf4+ Kd8 32. Nd5 Qxe4
33. Qe6 Re8 34. Nxe7 Qd3 35. Qc8+ Kxe7 36. Qc7+ 1-0

[Event "Wch-U20"]
[Site "Chotowa POL"]
[Date "2010.08.16"]
[Round "13"]
[White "Diamant, Andre"]
[Black "Thavandiran, Shiyam"]
[Result "1/2-1/2"]
[WhiteElo "2518"]
[BlackElo "2318"]
[PlyCount "105"]
[EventDate "2010.08.03"]
[EventType "swiss"]
[EventRounds "13"]
[EventCountry "POL"]
[Source "Mark Crowther"]
[SourceDate "2010.08.16"]

1. c4 e6 2. Nf3 Nf6 3. e3 c5 4. d4 cxd4 5. exd4 d5 6. Nc3 Be7 7. cxd5 exd5 8.
Ne5 O-O 9. Bd3 Nc6 10. Nxc6 bxc6 11. O-O Rb8 12. b3 h6 13. Bf4 Bd6 14. Bxd6
Qxd6 15. h3 c5 16. dxc5 Qxc5 17. Rc1 Bb7 18. Nb5 Qb6 19. Nd4 Ne4 20. Be2 Rbc8
21. Qd3 Ba6 22. Qe3 Bxe2 23. Nxe2 Qa5 24. a4 Rfe8 25. Rfd1 Rxc1 26. Rxc1 Nf6
27. Qd3 Qb4 28. g3 Qe4 29. Nf4 Rb8 30. Rd1 g5 31. Nxd5 Qxd5 32. Qxd5 Nxd5 33.
Rxd5 Rxb3 34. Rd7 a5 35. Rd5 Ra3 36. Rxa5 Kg7 37. Ra8 Kg6 38. Kf1 Ra2 39. Kg2
Ra3 40. Ra6+ Kg7 41. g4 Kh7 42. a5 Kg7 43. Ra8 Kg6 44. a6 Kg7 45. f3 Kh7 46.
Kf2 Kg6 47. Ke2 Kg7 48. Kd2 Rxf3 49. Kc2 Rxh3 50. Kb2 Rh2+ 51. Kb3 Rh1 52. Kb2
Rh2+ 53. Kb3 1/2-1/2

[Event "CAN-ch"]
[Site "Guelph CAN"]
[Date "2009.08.09"]
[Round "2"]
[White "Me, Kevin"]
[Black "Thavandiran, Shiyam"]
[Result "0-1"]
[WhiteElo "2188"]
[BlackElo "2480"]
[PlyCount "98"]
[EventDate "2009.08.08"]
[EventType "swiss"]
[EventRounds "9"]
[EventCountry "CAN"]

1. e4 c5 2. Nf3 Nc6 3. d4 cxd4 4. Nxd4 e5 5. Nb5 d6 6. N1c3 a6 7. Na3 Be7 8.
Nc4 b5 9. Ne3 Nf6 10. Bd3 O-O 11. O-O Be6 12. a4 b4 13. Ncd5 a5 14. Nxf6+ Bxf6
15. Bc4 Rc8 16. Qd3 Bxc4 17. Nxc4 Nd4 18. Be3 d5 19. Nd2 Nxc2 20. Rac1 Nxe3 21.
Rxc8 Qxc8 22. fxe3 dxe4 23. Qxe4 Qd7 24. Nc4 Qxa4 25. Nb6 Qe8 26. Qd5 Qe6 27.
Qxe6 fxe6 28. Nd7 Rd8 29. Nxf6+ gxf6 30. Ra1 Rd5 31. e4 Rc5 32. g4 Kg7 33. Kg2
Rc2+ 34. Kg3 Rxb2 35. Rxa5 Re2 36. Ra6 Kf7 37. Ra7+ Kg6 38. Ra6 Re3+ 39. Kh4
Rxe4 40. Rxe6 h5 41. h3 hxg4 42. hxg4 Re3 43. Rb6 b3 44. Rb7 Rd3 45. Rb4 Kf7
46. Rb7+ Ke6 47. Rb6+ Ke7 48. Rb7+ Kd8 49. Rb6 Rf3 0-1